SET THEORY & RELATED TOPICS (Record no. 5338)

MARC details
000 -LEADER
fixed length control field 00396nam a22001697a 4500
005 - DATE AND TIME OF LATEST TRANSACTION
control field 20180521122952.0
008 - FIXED-LENGTH DATA ELEMENTS--GENERAL INFORMATION
fixed length control field 170330b xxu||||| |||| 00| 0 eng d
020 ## - INTERNATIONAL STANDARD BOOK NUMBER
ISBN 978-81-8283-511-9
041 ## - LANGUAGE CODE
Language code of text/sound track or separate title eng
082 ## - DEWEY DECIMAL CLASSIFICATION NUMBER
Classification number 511.322
100 ## - MAIN ENTRY--AUTHOR NAME
Personal name GUPTA,K.P
245 ## - TITLE STATEMENT
Title SET THEORY & RELATED TOPICS
260 ## - PUBLICATION, DISTRIBUTION, ETC. (IMPRINT)
Name of publisher KRISHNA PRAKASHAN
300 ## - PHYSICAL DESCRIPTION
Number of Pages 360
650 ## - SUBJECT ADDED ENTRY--TOPICAL TERM
Topical Term ENGINEERING
942 ## - ADDED ENTRY ELEMENTS (KOHA)
Koha item type Books
Holdings
Lost status Damaged status Collection code Home library Shelving location Date acquired Source of acquisition Cost, normal purchase price Full call number Accession Number Koha item type Current library
    CS/IT JRU Library SHELF-57-D 28/03/2017 PURCHASE 210.00 511.322 21497 Books  
    Reference JRU Library SHELF -72- H 28/03/2017 PURCHASE 210.00 511.322 21498 Books  
    CS/IT JRU Library SHELF-57-D 28/03/2017 PURCHASE 210.00 511.322 21499 Books